000 00576nam a2200193 a 4500
005 20260322212043.0
008 data
020 _a9780785184607
099 _aSIMONW
100 1 _aSimonson, Walter
245 1 4 _aThe Mighty Thor by Walter Simonson.
_cWalter Simonson, Terry Austin & Steve Oliff.
260 _aNew York, NY :
_bMarvel Worldwide, Inc.,
_c2013.
300 _a215 pages, 17 unnumbered pages : chiefly color illustrations ;
_b26 cm.
650 0 _aScience fiction
650 0 _aSuperheroes
700 1 _aAustin, Terry
_d1952-
700 1 _aOliff, Steve
001 data
999 _c1026
_d1026